=LDR 00000nam 2200000 4500 =001 INLIS000000000051775 =005 20210408073753 =035 ##$$a 0010-1217000015 =007 ta =008 210408################g##########0#ind## =082 ##$$a 307.095 =084 ##$$a 307.095 982 3 Per p =245 ##$$a Perubahan Pola Kehidupan Masyarakat Akibat Pertumbuhan Industri di Daerah Istimewa Yogyakarta /$c Drs. Gatut Murniatmo =260 ##$$a Yogyakarta :$b Depdikbud,$c 1992 =300 ##$$a xiv, 275 hlm : $b ilus ; $c 24 x 15 cm =250 ##$$a cet.1 =650 #4$$a Kehidupan sosial =990 ##$$a 45.171/Hd.92